000 00246nam a2200109Ia 4500
100 _aLucas/Henry/C
942 _c#NAME?
245 _aInformation System concept for Management
260 _bMc Graw Hill
_aNew York
082 _a658
300 _a571
999 _c32133
_d32133